Nādira Śāh. (Record no. 56005)

MARC details
000 -LEADER
fixed length control field 00505cam a22002051 4500
001 - CONTROL NUMBER
control field sa 64000087
003 - CONTROL NUMBER IDENTIFIER
control field DLC
005 - DATE AND TIME OF LATEST TRANSACTION
control field 20260227111953.0
008 - FIXED-LENGTH DATA ELEMENTS--GENERAL INFORMATION
fixed length control field 891229s1962 bg 000 0 beno
010 ## - LIBRARY OF CONGRESS CONTROL NUMBER
LC control number sa 64000087
035 ## - SYSTEM CONTROL NUMBER
System control number (OCoLC)20835582
040 ## - CATALOGING SOURCE
Original cataloging agency DLC
Transcribing agency WaU
Modifying agency DLC
050 00 - LIBRARY OF CONGRESS CALL NUMBER
Classification number PK1718.A39
Item number N3
100 0# - MAIN ENTRY--PERSONAL NAME
Personal name Akbaruddin.
245 00 - TITLE STATEMENT
Title Nādira Śāh.
260 ## - PUBLICATION, DISTRIBUTION, ETC.
Date of publication, distribution, etc. [1962]
300 ## - PHYSICAL DESCRIPTION
Extent 145 p.
Dimensions 19 cm.
500 ## - GENERAL NOTE
General note In Bengali.
600 00 - SUBJECT ADDED ENTRY--PERSONAL NAME
Personal name Nādir Shāh,
Titles and other words associated with a name Shah of Iran,
Dates associated with a name 1688-1747
Form subdivision Drama.

No items available.

Powered by Koha